Cosa Nuestra : Capítulo 0 tracklist - Statistics

General Stats
  • This quiz has been taken 3 times
  • The average score is 7 of 14
Answer Stats
Answer % Correct
Buenos Términos
100%
NÁUFRAGOS
100%
Carita Linda
67%
El Cuc0.0
67%
Mirando Al Cielo
67%
Santa
67%
Besito en la Frente
33%
Caribeño
33%
CONTRABANDO
33%
FALSEDAD
33%
GuabanSexxx
33%
Nostalgia de Otoño
33%
SILENCIO
33%
Callejón de los Secretos
0%
No matching quizzes found
Score Distribution
Percent of People with Each Score
Percentile by Number Answered
Your Score History
You have not taken this quiz